000 00679nam a2200193 i 4500
001 87686
003 ES-MaACL
005 20230906175724.0
007 t|
008 041223s1931 sp ||||1| spa d
100 1 _aKroll, M.
_968883
245 1 4 _aLos síndromes neuropatológicos
_b: diagnóstico diferencial de las enfermedades nerviosas /
_cpor M. Kroll ; traducción directa de M. Montaner de la Poza y M. Montaner Toutain.
260 _aBarcelona :
_bModesto Usón,
_c[1931]
300 _aXVI, 664 p. :
_bil. ;
_c25 cm.
700 1 _aMontaner de la Poza, M.
_982378
700 1 _aMontaner Toutain, M.
_982382
852 _aES-MaACL
_jE-1084
852 _aES-MaACL
_jB-11542
999 _c87686
_d87686